Math 3e
Salvato in:
| Autori principali: | , , |
|---|---|
| Natura: | Libro |
| Lingua: | francese |
| Pubblicazione: |
París
Hachette
1999
|
| Serie: | Collection Cinq sur Cinq
|
| Soggetti: | |
| Tags: |
Aggiungi Tag
Nessun Tag, puoi essere il primo ad aggiungerne!!
|
MARC
| LEADER | 00000nam a2200000 a 4500 | ||
|---|---|---|---|
| 001 | UCO2450 | ||
| 003 | CL-VaPUC | ||
| 008 | 000602e19990000FR |||||||||||||||||fre|d | ||
| 082 | 0 | 4 | |a 372.7 |b DEL |2 21 |
| 100 | 0 | |a Delord, Robert |e author |9 445634 | |
| 700 | 0 | |a Vinrich, Gérard |e author |9 445635 | |
| 700 | 0 | |a Bourdais, Michel |e author |9 445636 | |
| 245 | 1 | 0 | |a Math 3e |
| 300 | |a 287 p | ||
| 942 | |c BK | ||
| 945 | |d 20000602 00:00:00 |a vberengu | ||
| 260 | |a París |b Hachette |c 1999 | ||
| 650 | 0 | |a Ecuaciones de primer grado |9 424092 | |
| 650 | 0 | |a Matemáticas |x Enseñanza |9 875527 | |
| 650 | 7 | |a INECUACIONES |2 CL-VaPUC |9 359706 | |
| 650 | 0 | |a Matemática |9 260235 | |
| 650 | 0 | |a Problemas, ejercicios, etc |9 259377 | |
| 583 | |a last modification |c 20000602 00:00:00 |k Rodrigo Vera | ||
| 490 | 0 | |a Collection Cinq sur Cinq | |
| 999 | |c 288961 |d 288959 | ||
| 952 | |0 0 |1 0 |4 0 |6 372_700000000000000_DEL_1999 |7 0 |8 A |9 336989 |a BIBMAT |b BIBMAT |c E_DIDACT |d 2019-11-20 |i 3613771 |o 372.7 DEL 1999 |p 3613771 |r 2025-01-07 |w 2019-11-20 |y BK |k MAT | ||